|
|
|
|
| LEADER |
00000nam a2200000 a 4500 |
| 001 |
vtls001425986 |
| 003 |
SK-MaSNL |
| 005 |
20260426001800.0 |
| 008 |
240226s2000 xo ad r yy slo |
| 015 |
|
|
|a SNBA2002/04-01357
|
| 020 |
|
|
|a 8088885914
|
| 035 |
|
|
|a SNK000380910
|
| 035 |
|
|
|a urn:nbn:sk:snk-amkns3
|
| 035 |
|
|
|a urn:nbn:sk:snk-am003vw9
|
| 035 |
|
|
|a 948BB875-B667-45F7-82EF-C68862F4DE69
|
| 040 |
|
|
|a SNK
|b slo
|c SNK
|e AACR2
|
| 041 |
0 |
|
|a slo
|
| 044 |
|
|
|a xo
|c SK
|
| 080 |
|
|
|a 111.852(091)(437.6)
|2 1981
|
| 245 |
0 |
0 |
|a Kapitoly k dejinám estetiky na Slovensku
|n 3.
|c Jana Sošková (ed.)
|
| 260 |
|
|
|a [Prešov]
|b [s.n.]
|c c2000
|
| 300 |
|
|
|a 233 s.
|c 21 cm
|
| 490 |
1 |
|
|a Studia aesthetica
|v 6
|
| 500 |
|
|
|a Čiast. text čes.
|
| 500 |
|
|
|a 150 výt.
|
| 504 |
|
|
|a Bibliogr. odkazy. Res. angl.
|
| 650 |
0 |
7 |
|a dejiny estetiky
|2 SNKPH
|9 104174
|
| 651 |
|
7 |
|a Slovensko
|2 SNKPHgeo
|9 14231
|
| 655 |
|
7 |
|a zbierky
|2 SNKPH
|9 70533
|
| 700 |
1 |
|
|a Sošková, Jana,
|d 1950-2021
|4 aut
|4 adp
|4 edt
|9 197943
|
| 830 |
|
0 |
|a Studia aesthetica
|9 496588
|
| 919 |
|
|
|a 80-88885-91-4
|
| 958 |
|
|
|a OND
|
| 958 |
|
|
|a TL
|
| 958 |
|
|
|a NB
|
| 958 |
|
|
|a ZB
|
| 999 |
|
|
|c 899409
|d 901339
|
| 952 |
|
|
|t P60, <09>, [BOOK], {629}
|a SNK
|b SNK
|y NEVYP
|7 0
|o snkC 625
|i snk1052/20011228
|0 0
|1 0
|4 0
|d 2002-01-04
|l 0
|r 2005-01-02 00:00:00
|w 2026-02-24
|
| 952 |
|
|
|t P60, <03>, [BOOK], {603}
|a SNK
|b SNK
|y PREZ
|7 0
|p 17A0326812
|o snkSC 98993/3
|i snkKSP 27/2002
|0 0
|1 0
|4 0
|d 2002-01-04
|f 1
|l 0
|r 2025-09-18 00:00:00
|w 2026-02-24
|
| 952 |
|
|
|t P60, <04>, [BOOK], {604}
|a SNK
|b SNK
|y VYP
|7 0
|p 17A0326811
|o snkSC 98993/3 D1
|i snkKSP 28/2001
|0 0
|1 0
|4 0
|d 2002-01-04
|l 0
|r 2005-01-02 00:00:00
|w 2026-02-24
|